| 000 | 00784nam a22002417a 4500 | ||
|---|---|---|---|
| 001 | 130019 | ||
| 003 | UA-OsUOA | ||
| 005 | 20220530211357.0 | ||
| 007 | ta | ||
| 008 | 20180402b un ||||| |||| 00| 0 ukr d | ||
| 040 |
_aUA-OsUOA _brus _cUA-OsUOA _dUA-OsUOA |
||
| 041 | _arus | ||
| 080 | _a82.09(470+571) | ||
| 090 |
_a82.09(470+571) _bС59 |
||
| 245 |
_aСокращенная историческая хрестоматія _cсост. В. Покровскій _nч. 5 |
||
| 260 |
_aМ. _bГ. Лисснера _c1900 |
||
| 300 | _a632 с. | ||
| 591 | _aЛобас П. О. | ||
| 650 | 7 |
_a82.09 Літературна критика. Літературні дослідження _2UDC |
|
| 942 |
_cRB _2udc |
||
| 955 | _a2 | ||
| 999 |
_c417953 _d417953 |
||